| 000 | 03354nam0a2200409 4500 | ||
|---|---|---|---|
| 001 | RU\NLR\BIBL_A\022582433 | ||
| 005 | 20260203120553.0 | ||
| 010 |
_a978-5-00221-123-4 _9100 |
||
| 021 |
_aRU _bКН-П-25-027413 _9КН-П-25-2719 |
||
| 035 | _a(NLR Aleph) 022582433 | ||
| 090 |
_a13543460 _c13543460 |
||
| 100 | _a20250708d2024 k y0rusy50 ca | ||
| 101 | 0 | _arus | |
| 102 | _aRU | ||
| 105 | _ay z 000 y | ||
| 181 | 0 |
_ai _baxxe |
|
| 182 | 0 | _an | |
| 200 | 1 |
_aИз истории космонавтики и ракетной техники _eматериалы XVI Международной молодежной научно-технической конференции "Молодежь. Техника. Космос" и [проведенное в ее рамках] Заседание Молодежного исторического клуба БГТУ "ВОЕНМЕХ", Санкт-Петербург, 6 марта 2024 года _fМинистерство науки и высшего образования Российской Федерации, Балтийский государственный технический университет "Военмех" _gредакционный совет: д-р техн. наук, проф. К. М. Иванов (председатель) [и др.] |
|
| 203 |
_aТекст _bвизуальный _cнепосредственный |
||
| 210 |
_aСанкт-Петербург _cИздательство БГТУ "ВОЕНМЕХ" _d2024 |
||
| 215 |
_a45, [2] с. _cил., цв. ил. _d20 |
||
| 225 | 1 |
_aБиблиотека журнала "Военмех. Вестник БГТУ" _fответственный редактор: канд. ист. наук, доц. М. Н. Охочинский _v№ 107 |
|
| 320 | _aБиблиогр. в конце ст. | ||
| 606 | 1 |
_aРакетная техника _jСъезды, совещания и т.п _2nlr_sh1 _2nlr_sh2 _3RU\NLR\AUTH\66190556 |
|
| 606 | 1 |
_aКосмическая техника _jСъезды, совещания и т.п _2nlr_sh1 _2nlr_sh2 _3RU\NLR\AUTH\66584825 |
|
| 606 | 1 |
_aРакетное вооружение _jСъезды, совещания и т.п _2nlr_sh1 _2nlr_sh2 _3RU\NLR\AUTH\661355839 |
|
| 686 | 1 | _aО6я431(2) | |
| 686 | 1 | _aЦ501я431(2) | |
| 702 | 1 |
_aИванов _bК. М. _cд-р техн. наук _f1963- _gКонстантин Михайлович _3RU\NLR\AUTH\7738410 _4340 |
|
| 711 | 0 | 2 |
_a"Военмех", балтийский государственный технический университет им. Д. Ф. Устинова _cСанкт-Петербург _bМолодежный исторический клуб _bЗаседание _f2024 _3RU\NLR\AUTH\880629290 |
| 711 | 1 | 2 |
_a"Молодежь. Техника. Космос", международная молодежная научно-техническая конференция _d16 _f2024 _eСанкт-Петербург _3RU\NLR\AUTH\880629288 |
| 712 | 0 | 2 |
_a"Военмех", балтийский государственный технический университет им. Д. Ф. Устинова _cСанкт-Петербург _3RU\NLR\AUTH\8810233350 _4475 |
| 942 | _cBOOK | ||
| 980 | _aNB | ||